000 01325nam a2200253Ia 4500
003 OSt
005 20210525181417.0
008 210310s1994 ck gr 000 0 spa d
020 _a958906177X
040 _aCO-JMCR
_cCO-JMCR
041 0 _aspa
082 0 4 _a333.72861 /
_bR696c
_223
100 1 _aRodríguez Becerra, Manuel,
_915894
_eautor
245 1 0 _aCrisis ambiental y relaciones internacionales :
_bhacia una estrategia colombiana /
_cManuel Rodríguez Becerra
260 _aBogotá :
_bCerec :
_bFescol :
_bFundación Alejandro A. Escobar,
_c1994
300 _a203 páginas ;
_c21 cm.
490 0 _aCerec: Serie ecológica ;
_vN°6
500 _aIncluye notas a pie de página.
505 0 _aLa generación sustentable -- La gestación de la conciencia ambiental planetaria: De Estocolmo a Rio -- La cumbre de la tierra y los compromisos globales -- Comercio y medio ambiente: tema crítico en la agenda internacional -- Financiación: Tema álgido en la negociación Norte-Sur -- El cambio climático -- Biodiversidad: oportunidades para su desarrollo sostenible -- Un ministerio post-rio
650 1 4 _aProtección del medio ambiente
_915896
_zColombia
650 1 4 _aConservación de los recursos naturales
_xLegislación
_zColombia
_937886
651 4 _aColombia
_xPolítica ambiental
_937887
942 _2ddc
_cBK
999 _c7946
_d7946